Normal view
MARC view
Entry Personal Name
001 - CONTROL NUMBER
- control field: 22468
003 - CONTROL NUMBER IDENTIFIER
- control field: ARRUPE
005 - DATE AND TIME OF LATEST TRANSACTION
- control field: 20160225153833.0
008 - FIXED-LENGTH DATA ELEMENTS
- fixed length control field: 160225|| aca||aabn | a|a d
040 ## - CATALOGING SOURCE
- Original cataloging agency: ARRUPE
- Transcribing agency: ARRUPE
100 ## - HEADING--PERSONAL NAME
- Personal name: Masilela, Ntongela,
- Relator term: author.
670 ## - SOURCE DATA FOUND
- Source citation: Work cat.: (ARRUPE)0: Masilela, Ntongela, author., The historical figures of the New African Movement /, 2014